Analysis of the contemporary trends in the development of Chinese FDIs in CEE16 countries
Stratégia súčasných trendov čínskych investícií v regióne strednej a východnej Európy za účelom získania know-how európskych podnikov a prístupu na trh. Prenos poznatkov medzi regiónmi a ich dôsledky na úrovni high-tech čínskeho vývozu.
Salvato in:
| Autore principale: | |
|---|---|
| Natura: | Capitolo di libro |
| Lingua: | inglese |
| Soggetti: | |
| Tags: |
Nessun Tag, puoi essere il primo ad aggiungerne!!
|
MARC
| LEADER | 00000nla a2200000 4500 | ||
|---|---|---|---|
| 001 | 0226192 | ||
| 005 | 20240531125251.1 | ||
| 041 | 0 | |a eng | |
| 044 | |a SK | ||
| 245 | 1 | 0 | |a Analysis of the contemporary trends in the development of Chinese FDIs in CEE16 countries |c Stanislav Zábojník |
| 520 | |a Stratégia súčasných trendov čínskych investícií v regióne strednej a východnej Európy za účelom získania know-how európskych podnikov a prístupu na trh. Prenos poznatkov medzi regiónmi a ich dôsledky na úrovni high-tech čínskeho vývozu. | ||
| 610 | 2 | 0 | |a investície priame zahraničné |
| 610 | 2 | 0 | |a kapitál zahraničný |
| 610 | 2 | 0 | |a pohyb kapitálu |
| 610 | 2 | 0 | |a know-how |
| 610 | 2 | 0 | |a analýzy |
| 610 | 2 | 0 | |a Čína |
| 610 | 2 | 0 | |a stredná Európa |
| 610 | 2 | 0 | |a východná Európa |
| 100 | 1 | |a Zábojník, Stanislav, 1984- | |